000
00336nam a2200145Ia 4500
005
20251222151317.0
008
251222s9999||||xx |||||||||||||| ||spa||
020
_a
8460626318
082
_a
615.53/P43
100
_a
Peris, Juan Bautista
245
0
_a
Fitoterapia Aplicada
250
_a
1ra.ed.
264
_b
M.I.C.O.F.
942
_c
LIB
999
_c
23567
_d
23567